Verhaltenheit : la tonalidad de un posible nuevo inicio histórico

En el pensar heideggeriano, tanto en su época temprana como tardía, ha habitado la idea una "máscara" respecto a una "figura originaria", ya sea como propiedad e impropiedad, o como el abandono del ser en el inicio del pensar occidental respecto a un despliegue originario del ser como Ereignis; la p...

Descripción completa

Detalles Bibliográficos
Autor principal: Bulo Vargas, Valentina
Formato: Analitica de revista
Lenguaje:español
Publicado: Santiago, Chile: Universidad de Chile, 2008.
Materias:
Acceso en línea:Acceso electrónico al documento

MARC

LEADER 00000cab a2200000 a 4500
001 040436
003 UAHC_CL
005 20260410164945.0
008 060901s2008 cl 000 spa
040 |a UAHC_CL  |c UAHC_CL  |d UAHC_CL 
100 1 |a Bulo Vargas, Valentina 
245 1 0 |a Verhaltenheit :  |b la tonalidad de un posible nuevo inicio histórico  |c Valentina Bulo Vargas. 
260 |a Santiago, Chile:  |b Universidad de Chile,  |c 2008. 
300 |a pp. 89-98 
500 |a En: Revista de filosofía, número 64, 2008. p. 89-98. ISSN 00348236. 
520 |a En el pensar heideggeriano, tanto en su época temprana como tardía, ha habitado la idea una "máscara" respecto a una "figura originaria", ya sea como propiedad e impropiedad, o como el abandono del ser en el inicio del pensar occidental respecto a un despliegue originario del ser como Ereignis; la principal labor filosófica de Heidegger se ha abocado a remover las capas y así deconstruir el camino trazado por la metafísica; un pensamiento vivo que "piensa para atrás". Sin embargo este no es el único modo en que Heidegger "ejerce" pensamiento, pues junto al "paso atrás", Heidegger nos indica a veces y de un modo siempre sugerente, la posibilidad del salto. Ambos movimientos del pensar están configurados desde experiencias afectivas concretas, las que no son subjetivas sino el trazo mismo de cada figura epocal del pensamiento-ser, del Ereignis. Atenderé en este escrito únicamente al temple fundamental sugerido por Heidegger para el segundo inicio en los Beiträge zur Philosophie: la reserva (Verhaltenheit), para luego indicar desde ella hacia lo que en sus escritos últimos llamará desasimiento (Gelassenheit). 
600 0 |a Heidegger, Martin,  |d 1889-1976  |x Crítica e interpretación  |9 4757 
650 0 |a Pensamiento crítico  |9 2904 
650 0 |a Filosofía alemana  |9 525 
773 0 |t Revista de Historia Indígena.  |w 034069 
856 |u http://www.scielo.cl/scielo.php?pid=S0718-43602008000100007&script=sci_arttext  |y Acceso electrónico al documento 
856 |u http://www.scielo.cl/scielo.php?pid=S0718-43602008000100007&script=sci_arttext  |3 Acceso electrónico al documento  |y Acceso electrónico al documento 
900 |a REV. FILOS.-64/08 
942 |c REVA  |2 ddc 
952 |0 0  |1 0  |4 0  |6 REV___FILOS_64_08_000000000000000  |7 0  |8 General  |9 76159  |a BC  |b BC  |c General  |d 2017-08-03  |l 0  |o REV. FILOS.-64/08  |p FICTICIO15042  |r 2019-01-08 00:00:00  |t 1  |w 2017-08-03  |y REVA 
999 |c 40436  |d 40436